000 01827nam a2200373 c 4500
003 BLK
005 20180420213900.0
008 180412b bul|||||r ||||||| ||bul||
010 _aKNG00006033000
020 _a954-01-0611-7
_bиздат.: Просвета
040 _aBLK
041 _aBUL
_cBUL
080 _aВъзпитание на деца с увредени сетива и нервна система (слепи, глухонеми, епилептици). Логопедия
_b376.3
_x(075.2)
_z376.3(075.2)
100 1 _aБалтаджиева, Ангелина Йорданова
_eпърви автор
_9248523
700 1 _aМицева, Магдалена Христова
_eсъавт.
_9248524
700 1 _aПопзлатева, Цанка Златева
_eсъавт.
_9111632
139 _aБалтаджиева, Ангелина Йорданова и др.
_bБ 24
245 1 0 _aЧитанка
_bЗа II кл. на у-щата за деца с увреден слух
_cАнгелина Йорданова Балтаджиева; съавт. Магдалена Христова Мицева; съавт. Цанка Златева Попзлатева.
257 _aBGR
260 София
_bПросвета
_c1994
_fРусе : Дунав прес
300 _a144 с.
_bс цв. ил.
_c26 см
380 _a3
500 _aАвт. не са отбелязани на кор. - 179 тир.
650 4 _aЧитанка - учебници за помощни училища
_9248748
653 _aчитанки
653 _aучебници за основни училища
653 _aІІ кл.
653 _aпомощни училища
852 _aЦб 181049
856 4 _qpdf
_u
856 4 _qpdf
_u
942 _cKNG
_n0
944 _aCR
_c15.01.2003
_kВиолета_Тройчева
944 _aED
_c06.06.2012
_k
999 _c4864
_d4864